Every F1 Driver To Win A Race Chronology - Statistics

General Stats
  • This quiz has been taken 89 times
  • The average score is 60 of 112
Answer Stats
Driver Team Date Grand Prix % Correct
2 Juan Manuel Fangio Alfa Romeo 21st May 1950 Monaco, Monte Carlo
89%
72 Keke Rosberg Williams Ford Cosworth 29th August 1982 Switzerland, Dijon-Prenois
88%
103 Nico Rosberg 6 Mercedes 15th April 2012 China, Shanghai
88%
98 Lewis Hamilton 44 McLaren Mercedes 10th June 2007 Canada, Montreal
87%
106 Max Verstappen 33 Red Bull Racing 15th May 2016 Spain, Barcelona
87%
101 Sebastian Vettel 5 Toro Rosso 14th September 2008 Italy, Monza
87%
112 Carlos Sainz 55 Ferrari 3rd July 2022 Britain, Silverstone
86%
79 Michael Schumacher Benetton Ford Cosworth 30th August 1992 Belgium, Spa
86%
90 Ralf Schumacher Williams BMW 15th April 2001 San Marino, Imola
86%
108 Charles Leclerc 16 Ferrari 1st September 2019 Belgium, Spa
84%
111 Esteban Ocon 31 Alpine 1st August 2021 Hungary, Hungaroring
84%
107 Valterri Bottas 77 Mercedes 30th April 2017 Russia, Sochi
84%
74 Ayrton Senna Lotus Renault 21st April 1985 Portugal, Estoril
83%
105 Daniel Ricciardo 3 Red Bull Racing 8th June 2014 Canada, Montreal
83%
102 Mark Webber Red Bull Racing 12th July 2009 Germany, Nurburgring
83%
94 Fernando Alonso 14 Renault 24th August 2003 Hungary, Hungaroring
82%
92 Kimi Raikkonen 7 McLaren Mercedes 23rd March 2003 Malaysia, Kuala Lumpur
82%
109 Pierre Gasly 10 AlphaTauri 6th September 2020 Italy, Monza
82%
80 Damon Hill Williams Renault 15th August 1993 Hungary, Hungaroring
80%
30 Graham Hill BRM 20th May 1962 Netherlands, Zandvoort
80%
26 Phil Hill Ferrari 4th September 1960 Italy, Monza
80%
110 Sergio Perez 11 Racing Point 6th December 2020 Bahrain, Sakhir
80%
68 Alain Prost Renault 5th July 1981 France, Dijon-Prenois
79%
96 Jenson Button 22 Honda 6th August 2006 Hungary, Hungaroring
79%
1 Giuseppe Farina Alfa Romeo 13th May 1950 Britain, Silverstone
78%
55 Jochen Mass McLaren Ford Cosworth 27th April 1975 Spain, Montjuic Park
78%
52 Niki Lauda Ferrari 28th April 1974 Spain, Jarama
76%
56 James Hunt Hesketh Ford Cosworth 22nd June 1975 Netherlands, Zandvoort
75%
87 Mika Hakkinen McLaren Mercedes 26th October 1997 Europe, Jerez
75%
89 Rubens Barrichello Ferrari 30th July 2000 Germany, Hockenheim
75%
7 Alberto Ascari Ferrari 29th July 1951 Germany, Nurburgring
74%
63 Gilles Villeneuve Ferrari 8th October 1978 Canada, Montreal
74%
84 Jacques Villeneuve Williams Renault 28th April 1996 Europe, Nurburgring
74%
104 Pastor Maldonado 13 Williams 13th May 2012 Spain, Barcelona
74%
97 Felipe Massa 19 Ferrari 27th August 2006 Turkey, Istanbul
72%
21 Jack Brabham Cooper Climax 10th May 1959 Monaco, Monte Carlo
72%
14 Stirling Moss Mercedes 16th July 1955 Britain, Aintree
72%
88 Eddie Irvine Ferrari 7th March 1999 Australia, Melbourne
70%
66 Nelson Piquet Brabham Ford Cosworth 30th March 1980 USA West, Long Beach
70%
31 Jim Clark Lotus Climax 17th June 1962 Belgium, Spa
68%
91 Juan-Pablo Montoya Williams BMW 16th September 2001 Italy, Monza
68%
75 Nigel Mansell Williams Honda 6th October 1985 Europe, Brands Hatch
68%
44 Emerson Fittipaldi Lotus Ford Cosworth 4th October 1970 USA, Watkins Glen
67%
83 David Coulthard Williams Renault 24th September 1995 Portugal, Estoril
66%
35 Jackie Stewart BRM 12th September 1965 Italy, Monza
66%
53 Jody Scheckter Tyrrell Ford Cosworth 9th June 1974 Sweden, Anderstorp
66%
99 Robert Kubica 88 BMW Sauber BMW 8th June 2008 Canada, Montreal
64%
93 Giancarlo Fisichella Jordan Ford Cosworth 6th April 2003 Brazil, Interlagos
62%
39 Denny Hulme Brabham Repco 7th May 1967 Monaco, Monte Carlo
61%
33 John Surtees Ferrari 4th August 1963 Germany, Nurburgring
61%
45 Mario Andretti Ferrari 6th March 1971 South Africa, Kyalami
61%
11 Mike Hawthorn Ferrari 5th July 1953 France, Reims
61%
76 Gerhard Berger Benetton BMW 12th October 1986 Mexico, Mexico City
59%
100 Heikki Kovalainen McLaren Mercedes 3rd August 2008 Hungary, Hungaroring
58%
95 Jarno Trulli Renault 23rd May 2004 Monaco, Monte Carlo
58%
61 Alan Jones Shadow Ford Cosworth 14th August 1977 Austria, Osterreichring
57%
86 Heinz-Harald Frentzen Williams Renault 27th April 1996 San Marino, Imola
57%
81 Jean Alesi Ferrari 11th June 1995 Canada, Montreal
57%
42 Jochen Rindt Lotus Ford Cosworth 5th October 1969 USA, Watkins Glen
57%
24 Bruce McLaren Cooper Climax 12th December 1959 USA, Sebring
53%
85 Olivier Panis Ligier Mugen Honda 19th May 1996 Monaco, Monte Carlo
50%
82 Johnny Herbert Benetton Renault 16th July 1995 Britain, Silverstone
49%
73 Michele Alboreto Tyrrell Ford Cosworth 25th September 1982 Las Vegas, Caesars Palace
49%
69 Riccardo Patrese Brabham Ford Cosworth 23rd May 1982 Monaco, Monte Carlos
49%
51 Carlos Reutemann Brabham Ford Cosworth 30th March 1974 South Africa, Kyalami
47%
65 Rene Arnoux Renault 27th January 1980 Brazil, Interlagos
47%
40 Jacky Ickx Ferrari 7th July 1968 France, Rouen-Les-Essarts
46%
60 Jacques Laffite Ligier Matra 19th June 1977 Sweden, Anderstorp
46%
43 Clay Regazzoni Ferrari 6th September 1970 Italy, Monza
45%
6 Jose-Froilan Gonzalez Ferrari 14th July 1951 Britain, Silverstone
45%
58 John Watson Penske Ford Cosworth 15th August 1976 Austria, Osterreichring
43%
19 Tony Brooks Vanwall 20th July 1957 Britain, Aintree
42%
67 Didier Pironi Ligier Ford Cosworth 4th May 1980 Belgium, Zolder
41%
49 Ronnie Peterson Lotus Ford Cosworth 1st July 1973 France, Le Castellet
41%
17 Peter Collins Ferrari 3rd June 1956 Belgium, Spa
38%
27 Wolfgang Von Trips Ferrari 22nd May 1961 Netherlands, Zandvoort
38%
54 Carlos Pace Brabham Ford Cosworth 26th January 1975 Brazil, Interlagos
37%
5 Luigi Fagioli Alfa Romeo 1st July 1951 France, Reims
37%
71 Elio De Angelis Lotus Ford Cosworth 15th august 1982 Austria, Osterreichring
36%
78 Alessandro Nannini Benetton Ford Cosworth 22nd October 1989 Japan, Suzuka
34%
47 Francois Cevert Tyrrell Ford Cosworth 3rd October 1971 USA, Watkins Glen
33%
15 Luigi Musso Ferrari 22nd January 1956 Argentina, Buenos Aires
33%
77 Thierry Boutsen Williams Renault 18th June 1989 Canada, Montreal
33%
32 Dan Gurney Porsche 8th July 1962 France, Rounen-Les-Essarts
30%
70 Patrick Tambay Ferrari 8th August 1982 Germany, Hockenheim
30%
38 Pedro Rodriguez Cooper Maserati 2nd January 1967 South Africa, Kyalami
29%
10 Bill Vukovich Kurtis Kraft Offenhauser 30th May 1953 USA, Indianapolis
28%
28 Giancarlo Baghetti Ferrari 2nd July 1961 France, Reims
28%
64 Jean-Pierre Jabouille Renault 1st July 1979 France, Dijon-Prenois
28%
34 Lorenzo Bandini Ferrari 23rd August 1964 Austria, Zeltweg
28%
41 Jo Siffert Lotus Ford Cosworth 20th July 1968 Britain, Brands Hatch
25%
29 Innes Ireland Lotus Climax 8th October 1961 USA, Watkins Glen
24%
62 Patrick Depailler Tyrrell Ford Cosworth 7th May 1978 Monaco, Monte Carlo
24%
8 Piero Taruffi Ferrari 18th May 1952 Switzerland, Bremgarten
24%
12 Maurice Trintignant Ferrari 22nd May 1955 Monaco, Monte Carlo
22%
50 Peter Revson McLaren Ford Cosworth 14th July 1973 Britain, Silverstone
22%
36 Richie Ginther Honda 24th October 1965 Mexico, Mexico City
22%
57 Vittorio Brambilla March Ford Cosworth 17th August 1975 Austria, Osterreichring
21%
59 Gunnar Nilsson Lotus Ford Cosworth 5th June 1977 Belgium, Zolder
20%
3 Johnnie Parsons Kurtis Kraft Offenhauser 30th May 1950 USA, Indianapolis
20%
46 Peter Gethin BRM 5th September 1971 Italy, Monza
20%
9 Troy Ruttman Kuzma Offenhauser 30th May 1952 USA, Indianapolis
20%
48 Jean-Pierre Beltoise BRM 14th May 1972 Monaco, Monte Carlo
18%
25 Jim Rathmann Watson Offenhauser 30th May 1960 USA, Indianapolis
18%
37 Ludovico Scarfiotti Ferrari 4th September 1966 Italy, Monza
18%
16 Pat Flaherty Watson Offenhauser 30th May 1956 USA, Indianapolis
17%
20 Jimmy Bryan Epperly Offenhauser 30th May 1958 USA, Indianapolis
16%
23 Jo Bonnier BRM 31st May 1959 Netherlands, Zandvoort
16%
4 Lee Wallard Kurtis Kraft Offenhauser 30th May 1951 USA, Indianapolis
16%
22 Rodger Ward Watson Offenhauser 30th May 1959 USA, Indianapolis
14%
18 Sam Hanks Epperly Offenhauser 30th May 1957 USA, Indianapolis
14%
13 Bob Sweikert Kurtis Kraft Offenhauser 30th May 1955 USA, Indianapolis
13%
No matching quizzes found
Score Distribution
Percent of People with Each Score
Percentile by Number Answered
Your Score History
You have not taken this quiz